000 00565nam a22002297a 4500
003 UA-OsUOA
001 34347
007 ta
008 20050928b un ||||| |||| 00| 0 ukr d
100 _aПророкова С.
090 _a929
_bП82
942 _cBK
040 _aUA-OsUOA
_brus
_cUA-OsUOA
_dUA-OsUOA
245 _aРепин
300 _a412 с.
955 _a3
041 _arus
080 _a929
260 _aМ.
_bМолодая гвардия
_c1960
650 7 _a9 Географія. Біографії. Історія
_2UDC
999 _c320778
_d320778